Normal view
MARC view
- España
Entry Nombre Geográfico
001 - NÚMERO DE CONTROL
- campo de control: 51534
003 - IDENTIFICADOR DE NUMERO DE CONTROL
- campo de control: MX-MxUPN
005 - FECHA Y HORA DE LA ÜLTIMA TRANSACCIÓN
- campo de control: 20240412140935.0
008 - DATOS DE LONGITUD FIJA
- campo de control de longitud fija: 240412|| acn||aabn | a|a d
040 ## - FUENTE DE CATALOGACIÓN
- Agencia de catalogación original: MX-MxUPN
- Lenguaje de catalogación: spa
- Agencia de transcripción: MX-MxUPN
151 ## - ENCABEZAMIENTO - NOMBRE GEOGRÁFICO
- Nombre geográfico: España
670 ## - FUENTE EN LA QUE SE LOCALIZARON DATOS
- Cita de la fuente: Autoridades Librunam, 12 abril 2024:
- Información localizada: (España)
902 ## - CATALOGADOR
- Catalogador: Víctor Ruiz/120424
